LEADER 00974nam0-22003251i-450- 001 990006496100403321 005 20070910165722.0 035 $a000649610 035 $aFED01000649610 035 $a(Aleph)000649610FED01 035 $a000649610 100 $a20010426d1977----km-y0itay50------ba 101 0 $aeng 105 $ay-------001yy 200 1 $a<>bibliography for the study of African politics 210 $aWaltham$cCrossroads$d1977 215 $aX, 205 p.$d22 cm 327 1 $a1. / Robert B. Shaw, Richard L. Sklar$a2. / Alan C. Solomon 676 $a016.96 700 1$aShaw,$bRobert Baldwin$0244626 701 1$aSklar,$bRichard L.$0244627 701 1$aSolomon,$bAlan C.$0244675 801 0$aIT$bUNINA$gRICA$2UNIMARC 901 $aBK 912 $a990006496100403321 952 $aXIV E 890$b11084$fFSPBC 952 $aXIV E 891$b11084$fFSPBC 959 $aFSPBC 996 $aBibliography for the study of African politics$9654377 997 $aUNINA LEADER 01294nam--2200361---45-- 001 990003080490203316 005 20080424120858.0 010 $a3-540-72906-2 035 $a000308049 035 $aUSA01000308049 035 $a(ALEPH)000308049USA01 035 $a000308049 100 $a20080314d2007----km-y0ITAy0103-------ba 101 0 $aeng 102 $aDE 200 1 $aFunctional imaging and modeling of the heart$e4th International workshop, FIMH 2007$eSalt Lake City, UT, USA, June 7-9, 2007$eproceedings$fFrank B. Sachse Gunnar Seemann (Eds.) 210 $aBerlin [etc.]$cSpringer$dcopyr. 2007 215 $aXV, 486 p.$cill.$d24 cm 225 $aLecture notes in computer science$v4466 410 $12001$aLecture notes in computer science$v4466 606 $aCuore$xDiagnostica per immagini$xCongressi$z2007 676 $a611.12 702 1$aSACHSE,$bFrank B. 710 12$aInternational workshop, FIMH 2007$d<4.;$f2007;$eSalt Lake>$0600715 801 0$aITA$bCBS$gISBD 912 $a990003080490203316 951 $a001 LNCS 4466$b35090/CBS$c001$d00224717 959 $aBK 969 $aSCI 979 $aANGELA$b90$c20080314$lUSA01$h0939 979 $aANGELA$b90$c20080424$lUSA01$h1208 996 $aFunctional imaging and modeling of the heart$91023710 997 $aUNISA LEADER 01593nam 2200385Ia 450 001 996397570503316 005 20200824132733.0 035 $a(CKB)4940000000056087 035 $a(EEBO)2248535295 035 $a(OCoLC)ocm12032480e 035 $a(OCoLC)12032480 035 $a(EXLCZ)994940000000056087 100 $a19850514d1643 uy | 101 0 $aeng 135 $aurbn||||a|bb| 200 12$aA special help to orthographie, or, The true-vvriting of English$b[electronic resource] $econsisting of such words as are alike in sound, and unlike both in their signification and writing : as also, of such words vvhich are so neer alike in sound, that they are sometimes taken one for another : whereunto are added diverse orthographical observations, very needfull to be known /$fpublisht by Richard Hodges .. 210 $aLondon $cPrinted for Richard Cotes$d1643 215 $a[4], 27 p 300 $aReproduction of original in Thomason Collection, British Library. 330 $aeebo-0158 606 $aEnglish language$xOrthography and spelling 606 $aEnglish language$xPronunciation 606 $aEnglish language$xHomonyms 615 0$aEnglish language$xOrthography and spelling. 615 0$aEnglish language$xPronunciation. 615 0$aEnglish language$xHomonyms. 700 $aHodges$b Richard$cSchool-Master.$0126611 801 0$bEAA 801 1$bEAA 801 2$bm/c 801 2$bWaOLN 906 $aBOOK 912 $a996397570503316 996 $aA special help to orthographie, or, The true-vvriting of English$92340212 997 $aUNISA